Представление документа в формате RUSMARC

ПолеНазваниеЗначение
  Тип записи a
  Библиографический уровень m
001 Контрольный номер a493ac3d36d841199bccbf18507e73c7
005 Дата корректировки 20260508115154.7
010 Индекс ISBN __
a ISBN 978-5-17-103495-5
d Цена 309-21
b Уточнения в пер.
9 Тираж 2000 экз.
100 Данные общей обработки __
a Данные общей обработки 20190529d2018 am y0rusy028902 ca
101 Язык документа 0_
a Язык текста rus
102 Страна публикации __
a Страна публикации RU
105 Кодированные данные (монография) __
a Кодированные данные (монография) y z 000ay
181 Поле кодированных данных: вид содержания _0
a Код вида содержания (ISBD) i
182 Поле кодированных данных: тип средства _0
a Код типа средства (ISBD) n
200 Заглавие и сведения об ответственности 1_
a Заглавие Жребий праведных грешниц. Наследники
e Сведения, относящиеся к заглавию [роман]
f Первые сведения об ответственности Наталья Нестерова
203 Вид содержания и тип средства __
a Вид содержания Текст
c Тип средства непосредственный
210 Выходные данные 1_
a Место издания Москва
c Издательство АСТ
c Издательство Жанровая литература
d Дата издания 2018
215 Физическое описание __
a Объем 349, [1] с.
d Формат 21 см
225 Серия 2_
a Серия Пазлы
i Наименование части Истории Натальи Нестеровой
300 Общие примечания __
a Общие примечания 4-я книга тетралогии "Жребий праведных грешниц"
330 Аннотация __
a Аннотация "Жребий праведных грешниц. Наследники" - масштабное историческое повествование, но в то же время очень грустный и при этом невероятно жизнеутверждающий рассказ о людях, которые родились в чрезвычайно трудное время в нашей великой стране. Тончайшие нити человеческих судеб переплетаются, запутываются, рвутся, но в конечном итоге приобретают такую прочность, которую не смогло разорвать даже время.
333 Примечание о целевом назначении __
a Примечание о целевом назначении 16+. Для детей старше 16 лет
517 Другие варианты заглавия 1_
a Другие варианты заглавия Наследники
606 Тематические рубрики __
a Основная рубрика Художественная литература
2 Код системы nlr_sh
606 Тематические рубрики __
a Основная рубрика Современная русская литература (произведения)
2 Код системы nlr_sh
610 Ключевые слова 0_
a Ключевые слова женская проза
610 Ключевые слова 0_
a Ключевые слова исторические романы
610 Ключевые слова 0_
a Ключевые слова романы
610 Ключевые слова 0_
a Ключевые слова саги
610 Ключевые слова 0_
a Ключевые слова романы-тетралогии
610 Ключевые слова 0_
a Ключевые слова тема советского времени
610 Ключевые слова 0_
a Ключевые слова современная проза
610 Ключевые слова 0_
a Ключевые слова семейные саги
610 Ключевые слова 0_
a Ключевые слова тема войны
610 Ключевые слова 0_
a Ключевые слова тема любви
610 Ключевые слова 0_
a Ключевые слова тема семьи
610 Ключевые слова 0_
a Ключевые слова тема советской действительности
686 Индексы других классификаций __
2 Код системы rubbks
a Классификационный индекс 84(2=411.2)6-4; ст84(2=411.2)6-4
700 Автор _1
a Фамилия Нестерова
b Имя Н.
g Полное личное имя Наталья
4 Код отношения 070
c Титул (звания) Умеренкова, Наталья Владимировна
f Даты 1955-2022
790 Имя лица - альтернативная форма _1
4 Код отношения 070
a Имя лица - альтернативная форма Умеренкова
c Титул (звания) Нестерова, Наталья
f Даты 1955-2022
b Имя Н. В.
g Полное личное имя Наталья Владимировна
801 Источник записи _0
a Страна RU
b Организация Муниципальное бюджетное учреждение культуры "Централизованная библиотечная система" г. Сургут (Центральная городская библиотека им. А. С. Пушкина)
c Дата составления 20190529
g Правила каталогизации PSBO
801 Источник записи _1
a Страна RU
b Организация Муниципальное бюджетное учреждение культуры "Централизованная библиотечная система" г. Сургут (Центральная городская библиотека им. А. С. Пушкина)
c Дата составления 20190529
g Правила каталогизации PSBO
852 Данные о местонахождении __
j Шифр хранения 84(2=411.2)6-4
i Авторский знак Н 56
901 Тип документа __
t Тип документа m
a Ответственный КиК/Мамарузиева
903 Характеристики (МАРС) __
a Дата передачи 20190529
c Наименование библиотеки (МАРС) Муниципальное бюджетное учреждение культуры "Централизованная библиотечная система" г. Сургут (Центральная городская библиотека им. А. С. Пушкина)
990 Данные о заказе (DOS) __
j Количество экземпляров (DOS) 7
t N записи в КСУ для И/У (DOS) 201906